000 003370000a22001210004500
090 _aAS
_bSeriadas
245 1 0 _aApuntes sobre aves colombianas
041 0 _aEspañol
700 1 _aHernández Camacho, Jorge Ignacio
_93657
100 1 _aBorrero H., José Ignacio
_996971
942 _cARTICULO
773 1 _tCaldasia
_345
_h37
_q253-294
_d1958
_g8
999 _c14391
_d14391